Organic Chemistry (Record no. 226338)

MARC details
000 -LEADER
fixed length control field 00495nam a2200205Ia 4500
008 - FIXED-LENGTH DATA ELEMENTS--GENERAL INFORMATION
fixed length control field 240823s9999||||xx |||||||||||||| ||und||
020 ## - INTERNATIONAL STANDARD BOOK NUMBER
International Standard Book Number 978-81-8094-087-3
082 ## - DEWEY DECIMAL CLASSIFICATION NUMBER
-- 547 P0
100 ## - MAIN ENTRY--PERSONAL NAME
Personal name Raman K V
245 #0 - TITLE STATEMENT
Title Organic Chemistry
250 ## - EDITION STATEMENT
Edition statement 1st
260 ## - PUBLICATION, DISTRIBUTION, ETC. (IMPRINT)
Date of publication, distribution, etc 2010
Name of publisher, distributor, etc "MJP Publishers,Ch"
Place of publication, distribution, etc Chennai
500 ## - GENERAL NOTE
General note TRANSFERED
650 ## - SUBJECT ADDED ENTRY--TOPICAL TERM
Topical term or geographic name as entry element organic chemistry
700 ## - ADDED ENTRY--PERSONAL NAME
Personal name Vijayagopal G R
942 ## - ADDED ENTRY ELEMENTS (KOHA)
Item type Books
Holdings
Withdrawn status Lost status Damaged status Permanent location Current location Shelving location Date acquired Source of acquisition Cost, normal purchase price Full call number Barcode Date last seen Koha item type
      CENTRAL LIBRARY, NOORUL ISLAM CENTRE FOR HIGHER EDUCATION CENTRAL LIBRARY, NOORUL ISLAM CENTRE FOR HIGHER EDUCATION Chemistry 02/02/2017 Tamil Nadu Book House 480.00 547 P0 74965 08/23/2024 Books
Visitors:
Copyright © 2024 Central Library NICHE.  All rights reserved.